000 00208nam a2200097Ia 4500
008 220204s9999 xx 000 0 und d
082 _a82-3
_bGLA
100 _aGlanville, Brian
245 0 _aComic
942 _cBK
999 _c32998
_d32998